Survival models and data analysis
محفوظ في:
| المؤلفون الرئيسيون: | , |
|---|---|
| التنسيق: | كتاب |
| اللغة: | الإنجليزية |
| منشور في: |
Nueva York
John Wiley and Sons
1980
|
| سلاسل: | Wiley Series in Probability and Mathematical Statistics
|
| الموضوعات: | |
| الوسوم: |
إضافة وسم
لا توجد وسوم, كن أول من يضع وسما على هذه التسجيلة!
|
MARC
| LEADER | 00000nam a2200000 a 4500 | ||
|---|---|---|---|
| 001 | UCP0344 | ||
| 003 | CL-VaPUC | ||
| 008 | 990305e19800000US |||||||||||||||||eng|d | ||
| 082 | 0 | 4 | |a 519.532 |b ELA |2 21 |
| 100 | 0 | |a Elandt-Johnson, Regina C |e author |9 425580 | |
| 700 | |a Johnson, Norman Lloyd |e author |9 429586 | ||
| 245 | 1 | 0 | |a Survival models and data analysis |
| 300 | |a 457 p | ||
| 942 | |c BK | ||
| 945 | |d 19990305 00:00:00 |a crobeson | ||
| 260 | |a Nueva York |b John Wiley and Sons |c 1980 | ||
| 650 | 0 | |a Estadística aplicada |9 270522 | |
| 650 | 0 | |a Población |9 257577 | |
| 650 | 7 | |a ESTADISTICAS DEMOGRAFICAS |2 CL-VaPUC |9 425582 | |
| 650 | 7 | |a ESTADISTICAS MEDICAS |2 CL-VaPUC |9 425583 | |
| 650 | 7 | |a MORTALIDAD |2 CL-VaPUC |9 341601 | |
| 650 | 0 | |a Análisis de datos |9 269871 | |
| 583 | |a last modification |c 19990305 00:00:00 |k Rodrigo Vera | ||
| 490 | 0 | |a Wiley Series in Probability and Mathematical Statistics | |
| 999 | |c 279169 |d 279167 | ||
| 952 | |0 0 |1 0 |4 0 |6 519_532000000000000_ELA_1980 |7 0 |8 A |9 318094 |a BIBGIM |b BIBGIM |d 2019-11-20 |i 1324179 |o 519.532 ELA 1980 |p 1324179 |r 2025-01-15 |w 2019-11-20 |y BK |k EST | ||